| 000 | 01454nam a2200385 a 4500 | ||
|---|---|---|---|
| 001 | 140863 | ||
| 003 | FlNmELB | ||
| 005 | 20241217181537.0 | ||
| 006 | m o d | | ||
| 007 | cr cn||||||||| | ||
| 008 | 201111r2011 sp |||||s|||||||||||spa d | ||
| 020 | _z9788481389074 | ||
| 035 | _a(MiAaPQ)EBC3195173 | ||
| 035 | _a(Au-PeEL)EBL3195173 | ||
| 035 | _a(CaPaEBR)ebr10498502 | ||
| 035 | _a(OCoLC)929303695 | ||
| 040 |
_aFlNmELB _bspa _cFlNmELB |
||
| 050 | 4 |
_aPN1995.9.H5 _bM828 2011 |
|
| 080 | _a323 | ||
| 082 | 0 | 4 |
_a791.43658 _222 |
| 100 | 1 | _aMoral Roncal, Antonio M. | |
| 245 | 1 | 0 |
_aRevolución y contrarrevolución _h[recurso electronico] : _bel siglo XIX español en el cine / _cAntonio Manuel Moral Roncal, Ricardo Colmenero Martínez. |
| 260 |
_aAlcalá de Henares : _bUniversidad de Alcalá de Henares, _c2011. |
||
| 300 | _a240 p. | ||
| 533 | _aRecurso electrónico. Santa Fe, Arg.: e-libro, 2015. Disponible vía World Wide Web. El acceso puede estar limitado para las bibliotecas afiliadas a e-libro. | ||
| 650 | 0 | _aCine e historia. | |
| 650 | 0 |
_aCine _xTemas, motivos. |
|
| 650 | 0 |
_aHistorical films _xHistory and criticism. |
|
| 650 | 0 |
_aMotion pictures _zSpain _xHistory and criticism. |
|
| 651 | 0 |
_aEspaña _xHistoria _ySiglo 19. |
|
| 655 | 4 | _aLibros electrónicos. | |
| 700 | 1 |
_aColmenero Martínez, Ricardo, _ecoaut. |
|
| 710 | 2 | _ae-libro, Corp. | |
| 856 | 4 | 0 | _uhttps://elibro.net/ereader/politecnicointernacional/53527 |
| 999 |
_c140863 _d140863 |
||